Evaluation du risque de defaillance de l'entreprise : methodes et cas d'application
Αποθηκεύτηκε σε:
| Κύριος συγγραφέας: | |
|---|---|
| Μορφή: | Βιβλίο |
| Γλώσσα: | French |
| Δημοσίευση: |
Paris :
Economica,
c1995
|
| Σειρά: | Collection Techniques de gestion
|
| Θέματα: | |
| Ετικέτες: |
Προσθήκη ετικέτας
Δεν υπάρχουν, Καταχωρήστε ετικέτα πρώτοι!
|
MARC
| LEADER | 00000nam a2200000 i 4500 | ||
|---|---|---|---|
| 001 | 1/17111 | ||
| 008 | 010209s1995 fre d | ||
| 035 | |l 10066017 | ||
| 040 | |a GR-MY-UA |b gre |e aacr | ||
| 041 | 0 | |a fre | |
| 082 | 0 | |a 658.15 | |
| 100 | 1 | |a Ζοπουνίδης, Κωνσταντίνος. | |
| 245 | 1 | 0 | |a Evaluation du risque de defaillance de l'entreprise : |b methodes et cas d'application / |c Constantin Zopounidis |
| 260 | |a Paris : |b Economica, |c c1995 | ||
| 300 | |a 97 p. | ||
| 490 | 1 | |a Collection Techniques de gestion | |
| 650 | 0 | 0 | |a Business failures |x Forecasting. |
| 830 | 0 | |a Collection Techniques de gestion | |
| 852 | |a INST |b CHIOS |e 20010209 |h 658.15 ΖΟΠ |p 005200021367 |q 005200021367 |t BK |y 0 | ||
| 901 | |a BIBL2-2001-3 | ||
| 909 | |a Χ |b 082784 | ||
| 922 | |a 2ΕΛΗ |b 200011 |c ΤΜΟΔ |d ΠΑΠΑΣΩΤΗΡΙΟΥ | ||
| 950 | |a 186-2000-09-15 | ||
| 970 | |a ΣΠΕΝΤΖΑ |b ΕΛΕΝΗ |z 2001/11/02 | ||